ucla buildings - Statistics

General Stats
  • This quiz has been taken 38 times
  • The average score is 55 of 119
Answer Stats
Answer % Correct
Royce Hall
87%
Bunche Hall
80%
Dodd Hall
80%
Powell Library
80%
Haines Hall
73%
Kaplan Hall
73%
Pauley Pavillion
73%
Pritzker Hall
73%
Rieber Hall
73%
Rieber Terrace
73%
Rieber Vista
73%
Sproul Cove
73%
Sproul Landing
73%
Young Hall
73%
Boelter Hall
67%
Cedar
67%
Covel Commons
67%
Dogwood
67%
Dykstra Hall
67%
Fir
67%
Franz Hall
67%
Gardenia
67%
Hedrick Hall
67%
Hedrick Summit
67%
Holly
67%
La Kretz Hall
67%
Mathematical Sciences
67%
Olympic Hall
67%
Sproul Hall
67%
Student Activities Center
67%
Acacia
60%
Birch
60%
Carnesale Commons
60%
Centennial
60%
Evergreen
60%
Feast
60%
Hitch Suites
60%
Kerckhoff Hall
60%
Public Affairs Building
60%
Rende
60%
Rolfe Hall
60%
Saxon Suites
60%
Sunset Village
60%
Ackerman Student Union
53%
Broad Art Center
53%
Bruin Plate
53%
Campbell Hall
53%
Courtside
53%
Delta Terrace
53%
De Neve Plaza
53%
Geology Building
53%
Life Sciences Building
53%
Melnitz Hall
53%
Murphy Hall
53%
Physics and Astronomy Building
53%
Slichter Hall
53%
Young Research Library
53%
Bradley Hall
47%
Drake Stadium
47%
Epicuria
47%
Kaufman Hall
47%
Lu Valle Commons
47%
Neuroscience Research Building
47%
Psychology Building
47%
Rosenfeld Library
47%
Schoenberg Music Building
47%
Terasaki Life Sciences Building
47%
The Study
47%
Anderson Cafe
40%
Boyer Hall
40%
Bruin Fitness Center
40%
Fowler Museum
40%
Gold Hall
40%
Hershey Hall
40%
Intramural Fields
40%
Macgowan Hall
40%
Northwest Campus Auditorium
40%
Perloff Hall
40%
School of Public Health
40%
The Drey
40%
Wooden Center
40%
Acosta Athletic Training Center
33%
California NanoSystems Institute
33%
De Neve Dining Hall
33%
Engineering IV, V, and VI
33%
Geffen Hall
33%
Law building
33%
Marion Anderson Hall
33%
Ostin Music Center
33%
Rose Bowl
33%
School of Dentistry
33%
Strauss Stadium
33%
Center for Health Sciences
27%
Kinsey Science Teaching Pavillion
27%
Knudsen Hall
27%
Korn Convocation Hall
27%
Orthopedic Hospital Research Center
27%
Portola Plaza Building
27%
Sunken Gardens
27%
Sunset Recreation
27%
Botany Building
20%
James West Alumni Center
20%
Mo Ostin Basketball Center
20%
Sculpture Garden
20%
Brain Mapping Center
13%
Gonda Neuroscience and Genetics Research Center
13%
Mail Room
13%
Wasserman Building
13%
Biomedical Sciences Research Building
7%
Macdonald Medical Research Laboratories
7%
Brain Research Institute
0%
Goldberg Medical Building
0%
Graduate School of Education and Information Studies
0%
Manoukian Medical Building
0%
Marion Davies Children's Center
0%
Morton Medical Building
0%
Reed Neurological Research Center
0%
Semel Institute for Neuroscience and Human Behavior
0%
No matching quizzes found
Score Distribution
Percent of People with Each Score
Percentile by Number Answered
Your Score History
You have not taken this quiz